Introducción histórica a la filosofia de la ciencia
Guardat en:
| Autor principal: | |
|---|---|
| Format: | Llibre |
| Idioma: | espanyol |
| Publicat: |
Madrid
Alianza
1976
|
| Col·lecció: | Alianza Universidad
|
| Matèries: | |
| Etiquetes: |
Afegir etiqueta
Sense etiquetes, Sigues el primer a etiquetar aquest registre!
|
MARC
| LEADER | 00000cam a2200000 a 4500 | ||
|---|---|---|---|
| 001 | UCH1076 | ||
| 003 | CL-VaPUC | ||
| 008 | 090409e19760000SP |||||||||||||||||spa|d | ||
| 020 | |a 842062165X | ||
| 082 | 0 | 4 | |a 501 |b LOS |2 21 |
| 100 | |a Losee, John |e autor |9 535417 | ||
| 245 | 1 | 0 | |a Introducción histórica a la filosofia de la ciencia |
| 300 | |a 233 p | ||
| 942 | |c BK | ||
| 945 | |d 20090409 00:00:00 |a rbrito | ||
| 260 | |a Madrid |b Alianza |c 1976 | ||
| 600 | 0 | |a Aristóteles, |d 384 a.C.- 322 a.C. |9 194 | |
| 650 | 0 | |a Filosofía de las ciencias |9 256466 | |
| 650 | 0 | |a Atomismo |9 335196 | |
| 650 | 0 | |a Lógica |9 256849 | |
| 583 | |a last modification |c 20160701 04:05:19 |k Rodrigo Vera | ||
| 490 | 0 | |a Alianza Universidad | |
| 999 | |c 333156 |d 333154 | ||
| 952 | |0 0 |1 0 |4 0 |6 501_000000000000000_LOS_1976 |7 0 |8 A |9 421358 |a BIBCUR |b BIBCUR |d 2019-11-22 |i 4534247 |o 501 LOS 1976 |p 4534247 |r 2025-04-22 |w 2019-11-22 |y BK |k FIS | ||
| 952 | |0 0 |1 0 |3 erb |4 0 |6 501_000000000000000_LOS_1976 |7 0 |8 A |9 421359 |a BIBCUR |b BIBCUR |i 5315271 |o 501 LOS 1976 |p 5315271 |r 2025-04-22 |w 2019-11-22 |y BK |z Catalogado en:20160701 |k QUI | ||